00661nam a22001937a 450000500170000001000140001702000260003102000230005703500130008003700140009308200090010724501230011626000460023927000620028530000290034750000400037670000260041670000250044220100726122923.0 aENG-96923 a9780195692051c895.00 a0195692055c895.00 aEN-80456 bDBAD/PUB  a340  aJustice for the poor : bperspectives on accelerating access /cedited by Ayesha Kadwani Dias [and] Gita Honwana Welch aNew Delhi bOxford University Pressc2009 aYMCA Library Building, Jai Singh Road bNew Delhie110001 axxii, 678 p.c24 cm (Hb) aIncludes bibliographical references aDias, Ayesha Kadwani  aWelch, Gita Honwana